[Event "Nezhmetdinov Memorial 39th"]
[Site "Kazan"]
[Date "2017.06.07"]
[Round "8"]
[White "Zinatullina, Adelya"]
[Black "Mischeryakov, Alexey"]
[Result "1-0"]
[WhiteElo "1824"]
[BlackElo "1940"]
[PlyCount "127"]
[EventDate "2017.05.31"]
[EventType "swiss"]
[EventRounds "9"]
[EventCountry "RUS"]
[SourceTitle "EXT 2018"]
[Source "ChessBase"]
[SourceDate "2017.10.13"]
[SourceVersion "1"]
[SourceVersionDate "2017.10.13"]
[SourceQuality "1"]

1. d4 f5 2. g3 Nf6 3. Bg2 e6 4. Nf3 d5 5. 0-0 Bd6 6. c4 c6 7. b3 Qe7 8. Bb2 0-0 9. Nbd2 b6 10. Ne5 Bb7 11. Rc1 Nbd7 12. cxd5 cxd5 13. Ndf3 Rfc8 14. Qd3 Ba3 15. Qb1 Ba6 16. Rfe1 Bb4 17. Nc6 Rxc6 18. Rxc6 Bxe1 19. Qxe1 Rc8 20. Rxc8+ Bxc8 21. Qc1 Qd8 22. Ba3 Ba6 23. Ng5 Nf8 24. Bxf8 Qxf8 25. Nxe6 Qd6 26. Nf4 g5 27. Nd3 h6 28. Ne5 Nd7 29. Qc6 Qxc6 30. Nxc6 Nf6 31. e3 Kf7 32. Nxa7 Ke6 33. Nc6 Bd3 34. a3 Bc2 35. b4 Nd7 36. f4 Nf6 37. h3 g4 38. Ne5 gxh3 39. Bxh3 Ne4 40. g4 Nc3 41. Kf2 b5 42. Bf1 fxg4 43. Nxg4 h5 44. Ne5 Ne4+ 45. Kg2 Nd6 46. Kg3 Nf5+ 47. Kf2 Nd6 48. Bh3+ Bf5 49. Bf1 h4 50. Nf3 Ne4+ 51. Kg1 Nc3 52. Nxh4 Be4 53. Ng2 Nb1 54. Bxb5 Nxa3 55. Be2 Nc2 56. b5 Bxg2 57. Bg4+ Kd6 58. Kxg2 Nxe3+ 59. Kg3 Nc2 60. b6 Kc6 61. f5 Nxd4 62. f6 Kd6 63. f7 Ke7 64. Bd7 1-0

[Event "Nezhmetdinov Memorial 39th"]
[Site "Kazan"]
[Date "2017.06.06"]
[Round "7"]
[White "Tukaeva, Adelya"]
[Black "Zinatullina, Adelya"]
[Result "1-0"]
[WhiteElo "2004"]
[BlackElo "1824"]
[PlyCount "107"]
[EventDate "2017.05.31"]
[EventType "swiss"]
[EventRounds "9"]
[EventCountry "RUS"]
[SourceTitle "EXT 2018"]
[Source "ChessBase"]
[SourceDate "2017.10.13"]
[SourceVersion "1"]
[SourceVersionDate "2017.10.13"]
[SourceQuality "1"]

1. e4 e6 2. d4 d5 3. Nd2 a6 4. Ngf3 Nf6 5. e5 Nfd7 6. Bd3 c5 7. c3 Nc6 8. 0-0 Be7 9. Qe2 b5 10. dxc5 Nxc5 11. Bc2 Qc7 12. Nb3 Bb7 13. Nxc5 Bxc5 14. Re1 h6 15. h3 b4 16. c4 Ne7 17. Nd2 Rc8 18. Ba4+ Bc6 19. Bxc6+ Qxc6 20. cxd5 Nxd5 21. Ne4 Be7 22. Bd2 0-0 23. Qg4 f5 24. exf6 Nxf6 25. Nxf6+ Rxf6 26. Rac1 Qd7 27. Rxc8+ Qxc8 28. Bxb4 Bxb4 29. Qxb4 Qc6 30. Qe4 Qc5 31. Qe3 Qc2 32. Qe2 Qc6 33. a3 a5 34. b4 axb4 35. axb4 Kf7 36. b5 Qb6 37. Ra1 Qc5 38. Qb2 e5 39. Ra6 Rf4 40. Rc6 Qd5 41. Rc7+ Kg8 42. b6 Qd1+ 43. Kh2 Qd6 44. Rc8+ Kh7 45. b7 Rb4 46. Qxb4 Qxb4 47. b8Q Qf4+ 48. Kg1 Qe4 49. Rh8+ Kg6 50. Qe8+ Kg5 51. Qe7+ Kg6 52. Qe6+ Kg5 53. Qg4+ Qxg4 54. hxg4 1-0

[Event "Nezhmetdinov Memorial 39th"]
[Site "Kazan"]
[Date "2017.06.04"]
[Round "5"]
[White "Rozmanov, Aleksandr"]
[Black "Zinatullina, Adelya"]
[Result "0-1"]
[WhiteElo "2018"]
[BlackElo "1824"]
[PlyCount "74"]
[EventDate "2017.05.31"]
[EventType "swiss"]
[EventRounds "9"]
[EventCountry "RUS"]
[SourceTitle "EXT 2018"]
[Source "ChessBase"]
[SourceDate "2017.10.13"]
[SourceVersion "1"]
[SourceVersionDate "2017.10.13"]
[SourceQuality "1"]

1. e4 e6 2. Nf3 d5 3. Nc3 Nf6 4. e5 Nfd7 5. d4 c5 6. dxc5 Nc6 7. Bf4 Bxc5 8. Bd3 h6 9. h3 a6 10. 0-0 b5 11. Re1 Bb7 12. Bg3 0-0 13. Qd2 Be7 14. Ne2 Nc5 15. c3 Nxd3 16. Qxd3 Qb6 17. Ned4 Rac8 18. Nxc6 Rxc6 19. Nd4 Rc5 20. a4 b4 21. Reb1 Rfc8 22. cxb4 Rc4 23. Nf3 Bxb4 24. Rd1 a5 25. Nd2 Rc2 26. Qb3 Qd4 27. Nf3 Qxb2 28. Qxb2 Rxb2 29. Bf4 Ba6 30. Bd2 Bxd2 31. Rxd2 Rb4 32. Rd4 Rcc4 33. Rxc4 Bxc4 34. Nd2 Bb3 35. Nxb3 Rxb3 36. Kf1 Rb4 37. f3 Rb2 0-1

[Event "Nezhmetdinov Memorial 39th"]
[Site "Kazan"]
[Date "2017.05.31"]
[Round "1"]
[White "Zinatullina, Adelya"]
[Black "Filipenko, Alexander V"]
[Result "0-1"]
[WhiteElo "1824"]
[BlackElo "2273"]
[PlyCount "88"]
[EventDate "2017.05.31"]
[EventType "swiss"]
[EventRounds "9"]
[EventCountry "RUS"]
[SourceTitle "EXT 2018"]
[Source "ChessBase"]
[SourceDate "2017.10.13"]
[SourceVersion "1"]
[SourceVersionDate "2017.10.13"]
[SourceQuality "1"]

1. d4 d5 2. Nf3 Nf6 3. c4 c6 4. Nc3 e6 5. e3 Nbd7 6. Qc2 Bd6 7. Bd3 0-0 8. 0-0 dxc4 9. Bxc4 a6 10. e4 e5 11. dxe5 Nxe5 12. Nxe5 Bxe5 13. h3 b5 14. Bd3 c5 15. Be3 c4 16. Be2 Bb7 17. Rad1 Qc7 18. Bf3 Rad8 19. Nd5 Bxd5 20. exd5 Bf4 21. Rfe1 Bxe3 22. Rxe3 Rfe8 23. Qe2 Rxe3 24. Qxe3 Ne8 25. Re1 Nd6 26. Qe7 Qb8 27. Qg5 h6 28. Qf4 Qc7 29. Rc1 Qc5 30. a3 a5 31. g4 Rb8 32. g5 hxg5 33. Qxg5 Qd4 34. Rc2 Qd3 35. Rc3 Qb1+ 36. Qc1 Qg6+ 37. Kh2 b4 38. axb4 axb4 39. Re3 c3 40. bxc3 b3 41. Re2 Qd3 42. Re3 Qc2 43. Qa3 Qxf2+ 44. Bg2 Qf4+ 0-1

[Event "Tatarstan-ch (Women)"]
[Site "Kazan"]
[Date "2016.09.20"]
[Round "5"]
[White "Zinatullina, Adelya"]
[Black "Kozina, Anastasia"]
[Result "1/2-1/2"]
[WhiteElo "1882"]
[BlackElo "2108"]
[PlyCount "62"]
[EventDate "2016.09.16"]
[EventType "swiss"]
[EventRounds "7"]
[EventCountry "RUS"]
[SourceTitle "CBM 174 Extra"]
[Source "ChessBase"]
[SourceDate "2016.10.10"]
[SourceVersion "1"]
[SourceVersionDate "2016.10.10"]
[SourceQuality "1"]

1. d4 Nf6 2. Nf3 e6 3. c4 Bb4+ 4. Nbd2 0-0 5. e3 d5 6. Bd3 b6 7. 0-0 Bb7 8. Qc2 Nbd7 9. e4 dxe4 10. Nxe4 Nxe4 11. Bxe4 Bxe4 12. Qxe4 Be7 13. Bf4 Nf6 14. Qe2 c5 15. Rfd1 cxd4 16. Nxd4 Qc8 17. a3 Qb7 18. b4 Rac8 19. f3 Rfd8 20. Nb5 Ne8 21. Rxd8 Rxd8 22. Rd1 Rd7 23. Kf2 a6 24. Nd4 Qc8 25. Be3 Rc7 26. Nb3 Rxc4 27. Bxb6 Rc3 28. Rd3 Rc2 29. Rd2 Rc3 30. Rd3 Rc2 31. Rd2 Rc3 1/2-1/2

[Event "Tatarstan-ch (Women)"]
[Site "Kazan"]
[Date "2016.09.19"]
[Round "4"]
[White "Semenova, Anastasia"]
[Black "Zinatullina, Adelya"]
[Result "0-1"]
[WhiteElo "1890"]
[BlackElo "1882"]
[PlyCount "92"]
[EventDate "2016.09.16"]
[EventType "swiss"]
[EventRounds "7"]
[EventCountry "RUS"]
[SourceTitle "CBM 174 Extra"]
[Source "ChessBase"]
[SourceDate "2016.10.10"]
[SourceVersion "1"]
[SourceVersionDate "2016.10.10"]
[SourceQuality "1"]

1. e4 c5 2. c3 e6 3. d4 d5 4. exd5 Qxd5 5. Nf3 Nf6 6. Be2 Nc6 7. 0-0 Be7 8. h3 0-0 9. Be3 cxd4 10. Nxd4 Nxd4 11. cxd4 a6 12. a3 Qd8 13. Bf3 Nd5 14. Nc3 Bg5 15. Qe2 Bxe3 16. fxe3 Qg5 17. Rae1 Bd7 18. Nxd5 exd5 19. h4 Qxh4 20. Bxd5 Bb5 21. Bc4 Bxc4 22. Qxc4 Rac8 23. Qd5 Rc6 24. e4 Rh6 25. e5 Rh5 26. Qe4 Qh2+ 27. Kf2 Rh4 28. Qxb7 Rxd4 29. Re4 Rd2+ 30. Ke1 Qxg2 31. e6 Rd1+ 32. Kxd1 Qxf1+ 33. Kc2 fxe6 34. Kb3 Qd3+ 35. Ka4 Qd6 36. Rb4 h6 37. Qe4 Rf5 38. Rd4 Qb6 39. b4 a5 40. Qa8+ Kh7 41. Rd8 Qb5+ 42. Kb3 a4+ 43. Kc3 Qe5+ 44. Rd4 Qe1+ 45. Kd3 Qg3+ 46. Kc4 Qb3# 0-1

[Event "Tatarstan-ch (Women)"]
[Site "Kazan"]
[Date "2016.09.18"]
[Round "3"]
[White "Zinatullina, Adelya"]
[Black "Bulatova, Kamaliya"]
[Result "0-1"]
[WhiteElo "1882"]
[BlackElo "1942"]
[PlyCount "86"]
[EventDate "2016.09.16"]
[EventType "swiss"]
[EventRounds "7"]
[EventCountry "RUS"]
[SourceTitle "CBM 174 Extra"]
[Source "ChessBase"]
[SourceDate "2016.10.10"]
[SourceVersion "1"]
[SourceVersionDate "2016.10.10"]
[SourceQuality "1"]

1. d4 Nf6 2. c4 g6 3. Nc3 Bg7 4. e4 d6 5. h3 0-0 6. Bg5 h6 7. Be3 Nbd7 8. Nf3 e5 9. d5 Nc5 10. Nd2 a5 11. a3 Bd7 12. b4 Na6 13. Rb1 axb4 14. axb4 Nh5 15. g3 b6 16. Be2 Nf6 17. Qb3 Ne8 18. Ra1 f5 19. f3 f4 20. Bf2 fxg3 21. Bxg3 Nf6 22. c5 Bc8 23. Bxa6 Rxa6 24. Rxa6 Bxa6 25. b5 Bc8 26. c6 Nh5 27. Bf2 Nf4 28. h4 Bf6 29. Kd1 Nh3 30. Be3 Bxh4 31. Ne2 Kh7 32. Kc2 Bg5 33. Ng3 Bxe3 34. Qxe3 Qg5 35. Qe1 Qf4 36. Kd3 Ng5 37. Rf1 Bh3 38. Rf2 Qxg3 39. Qe2 Ra8 40. Nc4 Bg4 41. Nd2 Bxf3 42. Nxf3 Nxf3 43. Kc4 Nd2+ 0-1

[Event "Tatarstan-ch (Women)"]
[Site "Kazan"]
[Date "2016.09.17"]
[Round "2"]
[White "Zinatullina, Adelya"]
[Black "Tukaeva, Aida"]
[Result "1-0"]
[WhiteElo "1882"]
[BlackElo "1700"]
[PlyCount "119"]
[EventDate "2016.09.16"]
[EventType "swiss"]
[EventRounds "7"]
[EventCountry "RUS"]
[SourceTitle "CBM 174 Extra"]
[Source "ChessBase"]
[SourceDate "2016.10.10"]
[SourceVersion "1"]
[SourceVersionDate "2016.10.10"]
[SourceQuality "1"]

1. d4 d5 2. Nf3 Nf6 3. c4 c6 4. Nc3 e6 5. e3 Nbd7 6. Qc2 Bd6 7. Bd3 dxc4 8. Bxc4 b5 9. Bd3 a6 10. 0-0 0-0 11. Ne4 Qc7 12. Nxd6 Qxd6 13. e4 e5 14. dxe5 Nxe5 15. Nxe5 Qxe5 16. h3 Bb7 17. Be3 Rfe8 18. f4 Qh5 19. Rf3 c5 20. g4 Nxg4 21. hxg4 Qxg4+ 22. Qg2 Qxg2+ 23. Kxg2 c4 24. Bc2 Bxe4 25. Bxe4 Rxe4 26. Rg3 Rd8 27. Rg1 Rd3 28. Rxg7+ Kf8 29. Rg8+ Ke7 30. Bc5+ Kd7 31. Rf1 Rd2+ 32. Kf3 Re6 33. Rf2 Rd3+ 34. Kg2 a5 35. Ra8 Kc6 36. Bf8 Kb6 37. Rb8+ Kc6 38. Rc8+ Kb7 39. Rc5 Rd8 40. Bg7 f6 41. f5 Red6 42. Rxb5+ Ka6 43. Rc5 Kb6 44. Rxc4 Rg8 45. Rg4 Rd7 46. Re2 Rgxg7 47. Re6+ Kc5 48. Rxg7 Rxg7+ 49. Kf3 Rf7 50. Ke4 Kb5 51. Kd3 Kc5 52. Ke4 Kb5 53. Kf4 Kc5 54. Kg4 Kb5 55. Kh5 Kc5 56. Kh6 Kb5 57. Re8 Rc7 58. Rf8 Rc2 59. Kxh7 Rxb2 60. Rb8+ 1-0

[Event "Nezhmetdinov Memorial 37th"]
[Site "Kazan"]
[Date "2015.06.04"]
[Round "5"]
[White "Zinatullina, Adelya"]
[Black "Yadigarov, Aivaz"]
[Result "0-1"]
[WhiteElo "1779"]
[BlackElo "1351"]
[PlyCount "26"]
[EventDate "2015.05.31"]
[EventType "swiss"]
[EventRounds "9"]
[EventCountry "RUS"]
[SourceTitle "CBM 166 Extra"]
[Source "ChessBase"]
[SourceDate "2015.06.18"]
[SourceVersion "1"]
[SourceVersionDate "2015.06.18"]
[SourceQuality "1"]

1. d4 Nf6 2. Nf3 g6 3. c4 Bg7 4. Nc3 d6 5. h3 0-0 6. e4 e5 7. d5 Na6 8. Bg5 Bd7 9. Qd2 Nc5 10. b4 Ncxe4 11. Nxe4 Nxe4 12. Qe3 Nxg5 13. Nxg5 Bh6 0-1